Published international scientific research / (Record no. 2052)
[ view plain ]
| 000 -LEADER | |
|---|---|
| fixed length control field | 01967cas a22003855i 4500 |
| 003 - CONTROL NUMBER IDENTIFIER | |
| control field | EG-CaNGU |
| 005 - DATE AND TIME OF LATEST TRANSACTION | |
| control field | 20240718103910.0 |
| 008 - FIXED-LENGTH DATA ELEMENTS--GENERAL INFORMATION | |
| fixed length control field | 240108c20232021ua an pfrb 000 0 eng d |
| 040 ## - CATALOGING SOURCE | |
| Original cataloging agency | EG-CaNGU |
| Language of cataloging | eng |
| Transcribing agency | EG-CaNGU |
| Modifying agency | EG-CaNGU |
| Description conventions | rda |
| 082 04 - DEWEY DECIMAL CLASSIFICATION NUMBER | |
| Classification number | 615.10711 |
| Item number | NEP |
| Edition number | 23 |
| 110 2# - MAIN ENTRY--CORPORATE NAME | |
| Corporate name or jurisdiction name as entry element | Newgiza University. |
| Subordinate unit | School of Pharmacy, |
| Relator term | author. |
| 9 (RLIN) | 6043 |
| 245 10 - TITLE STATEMENT | |
| Title | Published international scientific research / |
| 264 #1 - PRODUCTION, PUBLICATION, DISTRIBUTION, MANUFACTURE, AND COPYRIGHT NOTICE | |
| Place of production, publication, distribution, manufacture | Giza, Egypt : |
| Name of producer, publisher, distributor, manufacturer | Newgiza University, |
| Date of production, publication, distribution, manufacture, or copyright notice | 2021 - 2023. |
| 300 ## - PHYSICAL DESCRIPTION | |
| Extent | 2 volumes, 3 online resources (various pagings) : |
| Other physical details | illustrations ; |
| Dimensions | 28 cm |
| 336 ## - CONTENT TYPE | |
| Content type term | text |
| Content type code | txt |
| Source | rdacontent |
| 337 ## - MEDIA TYPE | |
| Media type term | unmediated |
| Media type code | n |
| Source | rdamedia |
| 337 ## - MEDIA TYPE | |
| Media type term | computer |
| Media type code | c |
| Source | rdamedia |
| 338 ## - CARRIER TYPE | |
| Carrier type term | volume |
| Carrier type code | nc |
| Source | rdacarrier |
| 338 ## - CARRIER TYPE | |
| Carrier type term | online resource |
| Carrier type code | cr |
| Source | rdacarrier |
| 504 ## - BIBLIOGRAPHY, ETC. NOTE | |
| Bibliography, etc. note | Includes bibliographical references. |
| 505 0# - FORMATTED CONTENTS NOTE | |
| Formatted contents note | First edition: 2017-2021. |
| 505 0# - FORMATTED CONTENTS NOTE | |
| Formatted contents note | Second edition: 2017-2021. |
| 505 0# - FORMATTED CONTENTS NOTE | |
| Formatted contents note | Third edition: 2017-2021. |
| 505 0# - FORMATTED CONTENTS NOTE | |
| Formatted contents note | Fourth edition: 2017-2022. |
| 505 0# - FORMATTED CONTENTS NOTE | |
| Formatted contents note | Annex: 2023. |
| 506 ## - RESTRICTIONS ON ACCESS NOTE | |
| Terms governing access | Available on-campus and off-campus. |
| 650 #7 - SUBJECT ADDED ENTRY--TOPICAL TERM | |
| Topical term or geographic name entry element | Pharmacy |
| General subdivision | study and teaching. |
| Source of heading or term | NGU-sh |
| 9 (RLIN) | 3717 |
| 650 #7 - SUBJECT ADDED ENTRY--TOPICAL TERM | |
| Topical term or geographic name entry element | Research |
| General subdivision | methodology |
| Form subdivision | handbooks, manuals, etc. |
| Source of heading or term | NGU-sh |
| 9 (RLIN) | 6048 |
| 655 #7 - INDEX TERM--GENRE/FORM | |
| Genre/form data or focus term | Study guides. |
| Source of term | NGU-sh |
| 9 (RLIN) | 6044 |
| 700 1# - ADDED ENTRY--PERSONAL NAME | |
| Personal name | Maher, Manal, |
| Titles and other words associated with a name | Professor, |
| Relator term | editor. |
| 9 (RLIN) | 6045 |
| 700 1# - ADDED ENTRY--PERSONAL NAME | |
| Personal name | Mohsen, Rania, |
| Titles and other words associated with a name | Professor, |
| Relator term | editor. |
| 9 (RLIN) | 6046 |
| 700 1# - ADDED ENTRY--PERSONAL NAME | |
| Personal name | Saadeldeen, Amr M., |
| Titles and other words associated with a name | Dr., |
| Relator term | editor. |
| 9 (RLIN) | 6047 |
| 856 40 - ELECTRONIC LOCATION AND ACCESS | |
| Host name | Online resource. |
| Uniform Resource Identifier | <a href="https://lib-catalog.ngu.edu.eg//cgi-bin/koha/opac-retrieve-file.pl?id=af8f912fe7438be13dc85cb58d85d016">https://lib-catalog.ngu.edu.eg//cgi-bin/koha/opac-retrieve-file.pl?id=af8f912fe7438be13dc85cb58d85d016</a> |
| Public note | Online resource. |
| Withdrawn status | Lost status | Source of classification or shelving scheme | Damaged status | Not for loan | Collection code | Home library | Current library | Date acquired | Source of acquisition | Serial Enumeration / chronology | Full call number | Barcode | Date last seen | Price effective from | Koha item type | Public note | Uniform Resource Identifier |
|---|---|---|---|---|---|---|---|---|---|---|---|---|---|---|---|---|---|
| Dewey Decimal Classification | Pharmacy | Library C | Library C | 01/04/2024 | Donation | Fourth edition: 2017-2022 | 615.10711 NEP | 1004650 | 08/13/2025 | 01/04/2024 | Book | Deposited by Newgiza University, School of pharmacy | |||||
| Dewey Decimal Classification | Pharmacy | Library C | Library C | 01/04/2024 | Donation | Third edition: 2017-2021 | 615.10711 NEP | 1004651 | 08/13/2025 | 01/04/2024 | Book | Deposited by Newgiza University, School of pharmacy | |||||
| Dewey Decimal Classification | Pharmacy | Online | Online | 01/08/2024 | Donation | First edition: 2017-2021 | 615.10711 NEP | E1000054 | 01/08/2024 | 01/08/2024 | eBook | Deposited by Newgiza University, School of pharmacy | https://lib-catalog.ngu.edu.eg//cgi-bin/koha/opac-retrieve-file.pl?id=47d3df1d86feb29cb8a5985af408e21e | ||||
| Dewey Decimal Classification | Pharmacy | Online | Online | 01/08/2024 | Donation | Second edition: 2017-2021 | 615.10711 NEP | E1000055 | 01/08/2024 | 01/08/2024 | eBook | Deposited by Newgiza University, School of pharmacy | https://lib-catalog.ngu.edu.eg//cgi-bin/koha/opac-retrieve-file.pl?id=305157d81d42b59b6c11e8569c939302 | ||||
| Dewey Decimal Classification | Pharmacy | Online | Online | 01/08/2024 | Donation | Annex: 2023 | 615.10711 NEP | E1000056 | 01/08/2024 | 01/08/2024 | eBook | Deposited by Newgiza University, School of pharmacy | https://lib-catalog.ngu.edu.eg//cgi-bin/koha/opac-retrieve-file.pl?id=207431b80aa5a7221f6757b98dec79c0 |